000
00238 a2200109 4500
001
44127
040
_c
Anchieta - Aquarius
240
1
0
_a
Xuxa só para baixinhos 5
_l
245
1
0
_a
Xuxa só para baixinhos 5
650
4
_a
Música
942
_c
MU
999
_c
44127
_d
44127